(Let Me Be Your) Teddy Bear Lyrics Quiz - Statistics

General Stats
  • This quiz has been taken 8 times
  • The average score is 144 of 183
Answer Stats
Answer % Correct
a
100%
be
100%
be)
100%
bear
100%
let
100%
my
100%
teddy
100%
you
100%
And
83%
Baby,
83%
me
83%
Oh,
83%
(Oh,
83%
your
83%
Your
83%
anywhere
67%
around
67%
'Cause
67%
chain
67%
don't
67%
him
67%
I
67%
lead
67%
love
67%
loving
67%
neck
67%
Put
67%
real
67%
the
67%
tight
67%
to
67%
too
67%
wanna
67%
ain't
50%
Because
50%
cuddle
50%
enough
50%
every
50%
fingers
50%
hair
50%
Just
50%
just
50%
kind
50%
lion
50%
lions
50%
night
50%
play
50%
rough
50%
Run
50%
through
50%
tiger
50%
tigers
50%
No matching quizzes found
Score Distribution
Percent of People with Each Score
Percentile by Number Answered
Your Score History
You have not taken this quiz